| 000 | 01265nam a2200337 i 4500 | ||
|---|---|---|---|
| 001 | 195736 | ||
| 003 | ES-MaACL | ||
| 005 | 20251223201849.0 | ||
| 008 | 24 s2016 sp | |||| 000 0 spa | ||
| 015 | _aMON16 | ||
| 017 |
_aZ 1155-2016 _bOficina Depósito Legal Zaragoza |
||
| 020 | _a9788494351143 | ||
| 035 | _a(OCoLC)992765661 | ||
| 035 | _aa5930321 | ||
| 040 |
_aSpMaBN _bspa _cSpMaBN _erdc |
||
| 080 | _a1 Deleuze, Gilles | ||
| 245 | 0 | 3 |
_aEl efecto Deleuze / _cJosé Luis Rodríguez García, Beatriz Elena Acosta, Juan Diego Parra ... [et al.] ; Luis Arenas (coordinador). |
| 260 |
_aZaragoza : _bErial Ediciones, _c2016. |
||
| 300 |
_a269 p. : _c19 cm. |
||
| 490 | 1 |
_aCrisis _v1 |
|
| 600 | 0 |
_aDeleuze, Gilles, _d1925-1995- _xInfluencia _9237410 |
|
| 650 | 7 |
_aFilosofía _2embne _912802 |
|
| 700 | 0 |
_aRodríguez García, José Luis, _d1949-2022 _998541 _eaut |
|
| 700 |
_aArenas, Luis, _d1969- _4pbd _9237411 _eaut |
||
| 830 |
_aCrisis ; _v1 _9239447 |
||
| 852 |
_aES-MaACL _cDEPOJ _jN-8743 _hDonación: Editorial _xEncuadernación rústica _9204524 |
||
| 942 |
_2udc _cMONOGRAFIA _n0 |
||
| 954 | _iTatiana Alejandra de Castro Pérez | ||
| 999 |
_c195736 _d195736 |
||